Cuerpos de Agua por Imágenes de Satélite #2 - Estadísticas

Estadísticas generales
  • Esta prueba ha sido intentada 2.116 veces
  • La puntuación promedio es 8 de 16
Estadísticas de respuestas
Imagen Respuesta % Correcto
Mar Negro
92%
Estrecho de {Gibraltar}
91%
Mar Rojo
91%
Mar del Norte
79%
Estrecho de {Bering}
70%
Bahía de Bengala
50%
Golfo de Vizcaya
50%
Lago Victoria
48%
Mar de Aral
46%
Lago Baikal
45%
Lago Míchigan
40%
Lago Superior
35%
Mar de {Irlanda}
33%
Lago Nicaragua
24%
Gran Lago del Oso
12%
Gran Lago Salado
6%
No se encontraron pruebas coincidentes
Distribución de puntuación
Porcentaje de gente con cada puntuación
Porcentaje por número respondido
Historial de tus puntuaciones
No has intentado esta prueba.